One night in July ; the true story of the Rosenthal-Becker murder case.

Bibliographic Details
Main Author: Root, Jonathan
Format: Book
Language:English
Published: New York : Coward-McCann, [1961]
Subjects:

MARC

Tag First Indicator Second Indicator Subfields
LEADER 00000cam a2200000 4500
001 in00000061173
005 20151008051632.0
008 750109s1961 nyu b 00000 eng u
010 |a  61012712  
035 |a (OCoLC)01135598 
035 |9 AAG9097AM 
040 |c AKR  |d TXA  |d UtOrBLW 
049 |a TXAM  |c [340891] 
050 0 0 |a HV6534.N5  |b R6 
082 0 |a 364.152 
092 |a 364.152  |b R782o 
100 1 |a Root, Jonathan. 
245 1 0 |a One night in July ;  |b the true story of the Rosenthal-Becker murder case. 
264 1 |a New York :  |b Coward-McCann,  |c [1961] 
300 |a 316 pages ;  |c 22 cm. 
336 |a text  |b txt  |2 rdacontent 
337 |a unmediated  |b n  |2 rdamedia 
338 |a volume  |b nc  |2 rdacarrier 
504 |a Includes bibliography. 
600 1 0 |a Rosenthal, Herman,  |d -1912. 
600 1 0 |a Becker, Charles,  |d 1870-1915. 
999 |a MARS 
999 f f |s 88cd833b-e88b-39d6-8903-5cb9522b142b  |i c136cf06-189d-3fae-821a-6771afa3924a  |t 0 
952 f f |p ric  |a Texas A&M University  |b Rellis Campus  |c Joint Library Facility  |d Remote Storage  |t 0  |e HV6534.N5 R6  |h Library of Congress classification  |i unmediated -- volume  |m A14800812705 
998 f f |a HV6534.N5 R6  |t 0  |l Remote Storage